000
00325nam a2200145Ia 4500
005
20250603145303.0
008
250603s9999 xx 000 0 und d
020
_a
9788419220370
050
_a
ND 1158 .A75 .B68/
100
_a
Botti, Silvia
245
0
_a
Living Colours
260
_b
Hoaki
260
_c
2023
942
_c
BK
999
_c
41417
_d
41417